000 00771nac a22002411u 4500
010 _a 99021062
020 _a0849313457 (alk. paper)
035 _a(DLC) 99021062
082 0 0 _a621.381512
_bWHI
090 _c5465
_d5465
100 _aWhitaker, Jerry C.
245 1 0 _aPower vacuum tubes handbook /
_cJerry C. Whitaker.
250 _a2nd ed.
260 _aBoca Raton :
_bCRC Press,c1999.
_cc1999.
300 _axvi, 710 p. :
_bill. ;
_c25 cm.
440 0 _aElectronics handbook series
500 _aDistributer : Al Ahram.
504 _aIncludes bibliographical references and indexes.
511 _aCatalogued By : Mahitab.
650 0 _aVacuum-tubes.
650 0 _aPower electronics.
942 _cBB
_k621.381512WHI
999 _c5465
_d5465